[Event "DSOL 05 Liga Final 1st"]
[Site "Playchess.com INT"]
[Date "2020.09.11"]
[Round "3.8"]
[White "Gissler, Thomas"]
[Black "Stegemann, Sven"]
[Result "0-1"]
[WhiteElo "1699"]
[BlackElo "1537"]
[PlyCount "44"]
[EventDate "2020.06.22"]
[EventType "team-k.o. (rapid)"]
[EventCountry "GER"]
[SourceTitle "EXT 2021"]
[Source "ChessBase"]
[SourceDate "2020.10.23"]
[SourceVersion "1"]
[SourceVersionDate "2020.10.23"]
[SourceQuality "1"]
[WhiteTeam "Zell Schwarz Weiss"]
[BlackTeam "Billerbeck Tuerme"]
[WhiteTeamCountry "GER"]
[BlackTeamCountry "GER"]

1. e4 e5 2. Nf3 Nc6 3. Bc4 Bc5 4. c3 Nf6 5. d4 exd4 6. e5 d5 7. Bb5 Ne4 8. cxd4 Bb6 9. Nc3 0-0 10. 0-0 a6 11. Bxc6 bxc6 12. h3 Bf5 13. Be3 Qd7 14. Re1 f6 15. Qb3 Rab8 16. Qd1 Ba5 17. Rc1 Rxb2 18. Nxe4 Bxe4 19. Nd2 Bxd2 20. Bxd2 fxe5 21. dxe5 Qf5 22. Bc3 Qxf2+ 0-1